| 000 | 00845nam a2200289Ia 4500 | ||
|---|---|---|---|
| 001 | Z_58 | ||
| 003 | CHAP | ||
| 008 | 220113s1982 xx 000 0 und d | ||
| 010 | _a163024 | ||
| 040 | _cCHAP | ||
| 082 | _a636.4 E53y | ||
| 100 |
_aEnglish, Peter R _936990 |
||
| 245 |
_aLa cerda: cómo mejorar su productividad / _cpor Peter R. English, William J. Smith y Alastair MacLean |
||
| 260 |
_aMéxico, D. F. : _bEl manual moderno, _c1982 |
||
| 300 | _a391 p. | ||
| 440 | _a | ||
| 500 | _aTrad. de: The sow: improving thed efficiency, 2 ed. de 1982 | ||
| 503 | _aC/E | ||
| 650 |
_aGanado porcino _xMejoramiento _945382 |
||
| 650 |
_aGanado porcino _xProducción I. Smith, William J. II. McLean, Alastair III. t. _9137246 |
||
| 901 | _a636.4 E53y | ||
| 902 | _aA | ||
| 910 | _a1982 | ||
| 942 | _c1 | ||
| 942 | _cc1 | ||
| 999 |
_c163024 _d163024 |
||